Quizzes
Events
Quiz Creation
Community
Videos
Private Events
Remove Ads
Sign In
Join for FREE
Feedback
Dark Mode
Quiz Categories
Sports
Geography
Music
Movies
Television
Just For Fun
Miscellaneous
History
Literature
Language
Science
Gaming
Entertainment
Religion
Holiday
For Kids
Quiz Lab
Recent
Popular Today
Quiz Kudos Today
Editor Picks
Curator Picks
Quizzes by...
Day
Popularity
Type
Ratings
Length
Year
Community
Subscriptions
Recent Discussions
Orange Saloon
Badges
Playlists
Quests
Create
Leaderboards
Showdown
Live 5
Trivia Bingo
Activity
Puzzle Library
Sporcle Events
Private Events
Virtual Trivia
Globe League
Become a Host
Pub Owners
SporcleCon
Opinionation
Our Games
Videos
Blog
Mobile Apps
Partnerships
Remove Ads and Go Orange
Feedback
Sports
Athletes
MLB
NBA
NHL
NFL
Soccer
Sports Teams
WWE
NCAA
Football
Premier League
Basketball
Baseball
Hockey
Golf
Tennis
Cricket
Rugby
Auto Racing
Olympics
World Cup
Sports
Athletes
MLB
NBA
NHL
NFL
Soccer
Sports Teams
WWE
NCAA
Football
Premier League
Basketball
Baseball
Hockey
Golf
Tennis
Cricket
Rugby
Auto Racing
Olympics
World Cup
Random Quiz
Search Sporcle
×
Quiz Lab
Quiz Lab
Sports
2013
Type in answers that appear in a list
Type in answers that appear in a list
Classic
Best Score? Go Orange.
Top 25 Running Backs of 2013 Stats
Can you name the Top 25 Running Backs of 2013 through 16 weeks
By
mkagan6
10m
25 Questions
119 Plays
119 Plays
119 Plays
Comments
Comments
Give Quiz Kudos
Give Quiz Kudos
-
- Ratings
hide this ad
Replay
Link that replays current quiz
Next Quiz
Link to next quiz in quiz playlist
You Got
0%
They Got
Avg Score
92%
Avg Friend Score
Upgrade to see
Score Distribution
Jump to the score distribution portion of the page
Score
0/25
Timer
10:00
0
Plays Today
Team
Player
% Correct
Philadelphia Eagles
LeSean Mccoy
100%
Chicago Bears
Matt Forte
100%
Seattle Seahawks
Marshawn Lynch
100%
Minnesota Vikings
Adrian Peterson
100%
Kansas City Chiefs
Jamaal Charles
99.2%
Tennessee Titans
Chris Johnson
99.2%
San Francisco 49ers
Frank Gore
99.2%
Green Bay Packers
Eddie Lacy
98.3%
Dallas Cowboys
DeMarco Murray
96.6%
Jacksonville Jaguars
Maurice Jones-Drew
96.6%
Detroit Lions
Reggie Bush
95%
Washington Redskins
Alfred Morris
95%
Carolina Panthers
DeAngelo Williams
95%
Team
Player
% Correct
Denver Broncos
Knowshon Moreno
94.1%
Buffalo Bills
Fred Jackson
93.3%
San Diego Chargers
Ryan Mathews
92.4%
Detroit Lions
Joique Bell
91.6%
Pittsburgh Steelers
Le'Veon Bell
91.6%
Cincinnati Bengals
Giovani Bernard
89.9%
Indianapolis Colts
Donald Brown
89.9%
New Orleans Saints
Pierre Thomas
88.2%
St Louis Rams
Zac Stacy
84.9%
San Diego Chargers
Danny Woodhead
82.4%
Arizona Cardinals
Andre Ellington
73.1%
Oakland Raiders
Rashad Jennings
68.9%
Quiz Playlist
Details
Report
Send in Message
Add To Playlist
Classic:
Type in answers that appear in a list
Last Updated: Feb 16, 2017
Quiz Scoreboard
CHALLENGE
Sign Up to Join the Scoreboard
Show All
Scores
Hide
Comments
May contain spoilers
Recently Published
College Basketball Coaching Resumes
by pancakes188
Sports
9m
Billboard Blitz: Fleetwood Mac
by CooCooCachoo
Music
15s
Presidents Visiting Landmarks
by Hejman
History
7m
More to Explore
Quiz From the Vault
Featured Blog Post
Where Did the Easter Bunny Come From?
hide this ad
You Might Also Like...
Tags
2013
fumble
Player
Running
Running Backs
tds
team
Top 25
Week
Yard
Today's Top Quizzes in Sports
Browse Sports
hide this ad
Today's Top Quizzes in 2013
Browse 2013
Top Contributed Quizzes in Sports
1
Les meilleurs buteurs des matchs entre le PSG et l’OM
2
2022 World Cup Stars
3
FIFA Club World Cup Champions
4
Les entraîneurs de l'OM et du PSG au 21e siècle
5
Criteria MLB: Left Handed Sluggers
6
AFC Teams Reveal (Wrong Answers Minefield)
7
5-to-1: UK Sports Teams
8
Name the Premier League winners with different clubs
9
5-to-1: FBS Animal Nicknames
10
Players with Multiple 50 Home Run Seasons
Explore More
Trending Topics
Disney
Anime
Crossword
Marvel
NBA
Kpop
Harry Potter
Soccer
Song
The Office
Pokémon
NFL
Puzzle
Country
WWE
hide this ad
More By:
mkagan6
Quiz
Plays
Rating
Category
Featured
Created
NFL Top 100 Offensive Players of 2013 (Fantasy Points)
1,654
3.10
Sports
Jan 10, 2014
50 Most Populated European Cities
884
2.94
Geography
May 17, 2016
THE Harry Potter Quiz
710
4.40
Literature
Mar 15, 2017
Top 100 NFL Players of 2015
577
5.00
Sports
Sep 1, 2015
2014 NFL Opening Day Wide Receivers
560
5.00
Sports
Sep 17, 2014
Go to Creator's Profile
Score Distribution
Quiz Creator Spotlight
mkagan6
Follow
Send a Message
Quizzes Created
-
Created Quiz Play Count
-
More By This Creator
Popular Quizzes Today
1
Find the US States - No Outlines Minefield
2
Find the Countries of Europe - No Outlines Minefield
3
The Countries of the World
4
Find the US States
5
Risky Map Clicking: Biggest States A-Z
6
US States
7
Popular People in 1961
8
Movies - When Are They Set?
More Sports Quizzes
Big 4 Letter Sets
Published
Trending Quizzes
Risky Map Clicking: Least Populous States A-Z
1-10 Letter G Words
1-10 Letter F Words
Risky Map Clicking: Next State Alphabetically
Click the Washington State Counties! (Map)
Recently Updated
Leaping Animals
pecheneg
Reality TV Shows (A-Z)
bhenderson79
Rickey Henderson's Hall of Fame Teammates
pecheneg
Champions League XIs: Arsenal
pecheneg
Quick Pick: Celebrities in WWE's Hall of Fame
aduchscher
A-Z Keypad Blitz II
pecheneg
Multiple Oscar Actors
pecheneg
Mystery Phrase Blitz: Oscar 'Best Actors'
pecheneg
F. Scott Fitzgerald Novels
LTH
Pick 3 Villains
ddd62291
Trending Topics
Crossword
Kpop
Harry Potter
Disney
Anime
Marvel
NBA
Soccer
NFL
Puzzle
The Office
Country
Song
Pokémon
WWE
Your Account Isn't Verified!
In order to create a playlist on Sporcle, you need to verify the email address you used during registration. Go to your
Sporcle Settings
to finish the process.
Report this User
Report this user for behavior that violates our
Community Guidelines
.
Details:
Send Report
Go to the Sporcle.com Mobile Site →
Comments